000 00449nam a22001817a 4500
003 OSt
005 20211111161004.0
008 211111b |||||||| |||| 00| 0 eng d
020 _a0121965600
040 _cHAWASSA UNIVERSITY
050 _a636.1085/CUN
_b1
082 _a636.1085/CUN
_b1
100 _aCUNHA TONY J.
_917932
245 _aHORSE FEEDING AND NUTRITION
260 _aNEW YORK
_bLONDON
_c1980
300 _a292
942 _2ddc
_cBOOKS
_n0
999 _c17783
_d17783